Learning Resource and Development

Corporate governance : (Record no. 31179)

MARC details
000 -LEADER
fixed length control field 02155nam a2200301 i 4500
003 - CONTROL NUMBER IDENTIFIER
control field CSPC
005 - DATE AND TIME OF LATEST TRANSACTION
control field 20251222153357.0
008 - FIXED-LENGTH DATA ELEMENTS--GENERAL INFORMATION
fixed length control field 251211s2023 cauad b 001 0 eng d
010 ## - LIBRARY OF CONGRESS CONTROL NUMBER
LC control number 2022934960
020 ## - INTERNATIONAL STANDARD BOOK NUMBER
International Standard Book Number 9781412908610
040 ## - CATALOGING SOURCE
Original cataloging agency CSPC
Language of cataloging eng
Transcribing agency CSPC
Description conventions rda
050 04 - LIBRARY OF CONGRESS CALL NUMBER
Classification number HD2741
Item number .C568 2023
082 04 - DEWEY DECIMAL CLASSIFICATION NUMBER
Edition number 23
Classification number 658.4
Item number C55c
100 1# - MAIN ENTRY--PERSONAL NAME
Personal name Clarke, Thomas,
Relator term author.
245 10 - TITLE STATEMENT
Title Corporate governance :
Remainder of title cycles of innovation, crisis & reform /
Statement of responsibility, etc. Thomas Clarke.
246 #3 - VARYING FORM OF TITLE
Title proper/short title Corporate governance :
Remainder of title cycles of innovation, crisis and reform
264 #1 - PRODUCTION, PUBLICATION, DISTRIBUTION, MANUFACTURE, AND COPYRIGHT NOTICE
Place of production, publication, distribution, manufacture Los Angeles :
Name of producer, publisher, distributor, manufacturer SAGE,
Date of production, publication, distribution, manufacture, or copyright notice 2023.
300 ## - PHYSICAL DESCRIPTION
Extent xii, 276 pages :
Other physical details illustrations ;
Dimensions 24 cm.
336 ## - CONTENT TYPE
Source rdacontent
Content type term text
337 ## - MEDIA TYPE
Source rdamedia
Media type term unmediated
338 ## - CARRIER TYPE
Source rdacarrier
Carrier type term volume
504 ## - BIBLIOGRAPHY, ETC. NOTE
Bibliography, etc. note Includes bibliographical references and index.
505 0# - FORMATTED CONTENTS NOTE
Formatted contents note Cycles of crisis and regulation -- The anatomy of financial bubbles and cycles -- The global financial crisis -- The systematic failure of governance institutions: the crisis in purpose, performance and reward -- Digital disruption, future markets and technological crises: the global hegemony of platform technology companies -- Corporate governance and climate change: the crisis that imperils the world -- Governance and sustainability
520 ## - SUMMARY, ETC.
Summary, etc. "This critical work explores the central dynamic of industrial capitalism – the cycle of brilliant innovation, catastrophic crisis, and the painful process of corporate governance reform. Coverage includes cycles of crisis and regulation, financial bubbles, including the global financial crisis, and digital disruption. Finally, the current crisis of industry induced climate change that now imperils the world is considered. Corporate Governance: Cycles of Innovation, Crisis and Reform is essential reading for final year undergraduate and postgraduate students of Corporate Governance, International Business and Business and Management Studies." -- Back cover
650 #0 - SUBJECT ADDED ENTRY--TOPICAL TERM
Topical term or geographic name entry element Corporate governance.
942 ## - ADDED ENTRY ELEMENTS (KOHA)
Source of classification or shelving scheme Dewey Decimal Classification
Suppress in OPAC No
Koha item type Books
Edition 23
Classification part 658.4
Item part C55c
Call number prefix CIR
Call number suffix 2023
Holdings
Withdrawn status Lost status Source of classification or shelving scheme Damaged status Not for loan Home library Current library Shelving location Date acquired Total Checkouts Full call number Barcode Date last seen Copy number Price effective from Koha item type
    Dewey Decimal Classification     Main Library Main Library Circulation Section 12/11/2025   CIR 658.4 C55c 2023 031011 12/11/2025 1-1 12/11/2025 Books